Текст томруулах:    
Modern auditing in Australia (Бичлэгийн дугаар. 146099)
000 -УДИРДЛАГА
Удирдлага 00809nam a22003137a 4500
003 - ХЯНАЛТЫН ТОО ТОДОРХОЙЛОГЧ
Код MN-UlNUM
005 - БИЧИЛТ ХИЙСЭН ОГНОО
Тухайн бичилтийг бичсэн засварласан сүүлийн огноо 20260106154741.0
008 - ЕРӨНХИЙ МЭДЭЭЛЭЛ
Ерөнхий мэдээлэл 260106s1985 nyu||||| |||| 001 0 eng |
020 ## - ISBN
ISBN 0471334405
040 ## - БИЧЛЭГ ҮҮСГЭГЧ БАЙГУУЛЛАГА
Бичлэг үүсгэгч номын сангийн код МУИС-ийн номын сан
084 ## - ББК АНГИЛАЛ
Нэмэлт тусгалт Бусад
ББК ангилал 65.261
Зохиогчийн гурван тэмдэгт G 45
Мэдлэгийн ялгаа 65 - Эдийн засаг
100 1# - ЗОХИОГЧ
Зохиогчийн нэр Gill G.S.
245 10 - ҮНДСЭН ГАРЧИГ
Номын нэр Modern auditing in Australia
250 ## - ДАХИН ХЭВЛЭЛТ
Дахин гаралтын дугаар 2nd ed.
260 ## - ГАРАЛТЫН МЭДЭЭ
Хэвлэгдсэн газар New York:
Хэвлэлийн газар John Wiley,
Хэвлэгдсэн он 1985.
300 ## - МАТЕРИАЛЫН ТОДОРХОЙЛОЛТ
хуудасны тоо 713p.:
500 ## - Тайлбар
Дансны дугаар БС 4669
546 ## - ХЭЛНИЙ ТУХАЙ МЭДЭЭ
Хэл Англи хэл дээр,
653 ## - Түлхүүр үг
Түлхүүр үг audit
653 ## - Түлхүүр үг
Түлхүүр үг compliance
653 ## - Түлхүүр үг
Түлхүүр үг system
700 ## - ХАМ ЗОХИОГЧИД
Ба бус Cosserat G.W.
740 ## - НОМЫН ГАРЧИГ
Гарчиг Fundamental relationships
740 ## - НОМЫН ГАРЧИГ
Гарчиг Study and evaluation of internal control
740 ## - НОМЫН ГАРЧИГ
Гарчиг Verification of account balances
740 ## - НОМЫН ГАРЧИГ
Гарчиг Reporting and other responsibilities
942 ## - ЭЛЕМЕНТИЙН ТӨРӨЛ
Зүйлийн төрөл Ном